000 01680caa a22002297a 4500
999 _c442975
_d442975
001 5142352
003 UA-OsUOA
005 20191128180411.0
008 191126b un ||||| |||| 00| 0 ukr d
040 _aUA-OsUOA
_bukr
_cUA-OsUOA
_dUA-OsUOA
041 _aukr
080 _a908
090 _a908
100 _aКід-Войтюк Н.
245 _aОрганізація музейної та пам'яткоохоронної роботи на на Західній Волині у 1920-х і 1930-х рр.: джерела з вивчення
_cН. Кід-Войтюк
300 _aС. 3–8
773 0 _0366895
_9390170
_dОстрог Свинарчук Р. В. 2011
_o136211
_tІсторія музейництва, пам'яткоохоронної справи, краєзнавства і туризму в м. Острозі і на Волині
_w(UA-OsUOA) 80586
773 0 _0366895
_9390169
_dОстрог Свинарчук Р. В. 2011
_o136210
_tІсторія музейництва, пам'яткоохоронної справи, краєзнавства і туризму в м. Острозі і на Волині
_w(UA-OsUOA) 80586
942 _2udc
_cBKA
773 0 _0366895
_9390171
_a
_b
_dОстрог Свинарчук Р. В. 2011
_o148885
_tІсторія музейництва, пам'яткоохоронної справи, краєзнавства і туризму в м. Острозі і на Волині
_w(UA-OsUOA) 80586
_x
_z